LIBRARY & INFORMATION CENTRE, KCAET, TAVANUR

ONLINE PUBLIC ACCESS CATALOGUE (OPAC)

Code of practice for site investigations for foundation in gravel-boulder deposit IS:10042-1981 / (Record no. 10030)

MARC details
000 -LEADER
fixed length control field 00989cam a2200157ua 4500
041 ## - LANGUAGE CODE
Language code of text/sound track or separate title eng
082 ## - DEWEY DECIMAL CLASSIFICATION NUMBER
Classification number 624.131
Item number IND/CO
245 00 - TITLE STATEMENT
Title Code of practice for site investigations for foundation in gravel-boulder deposit IS:10042-1981 /
250 ## - EDITION STATEMENT
Edition statement 1 /
260 ## - PUBLICATION, DISTRIBUTION, ETC. (IMPRINT)
Place of publication New Delhi :
Name of publisher Indian standards institution ,
Year of publication 1982.
300 ## - PHYSICAL DESCRIPTION
Number of Pages 19 ; .
942 ## - ADDED ENTRY ELEMENTS (KOHA)
Koha item type Books
Holdings
Withdrawn status Lost status Damaged status Home library Current library Date acquired Full call number Accession Number Koha item type
      KAUAET KAUAET 07/04/2012 624.131 17198 Standards
free website counter